Nelehký život rejstříkového soudu.
Odpovede na otázky týkajúce sa činnosti významnej právnej inštitúcie a to registrového súdu. Prečo obchodná spoločnosť vzniká až po zápise do obchodného registra, čo to znamená, že obchodný register je verejnou listinou, aká je zaťaženosť registrového súdu, ktoré sú najčastejšie nedostatky žiadostí...
Salvato in:
| Autore principale: | |
|---|---|
| Altri autori: | |
| Natura: | Capitolo di libro |
| Lingua: | ceco |
| Soggetti: | |
| Tags: |
Nessun Tag, puoi essere il primo ad aggiungerne!!
|
MARC
| LEADER | 00000naa a2200000 4500 | ||
|---|---|---|---|
| 001 | r011138 | ||
| 005 | 20220831083838.4 | ||
| 041 | 0 | |a cze | |
| 044 | |a [CS] | ||
| 245 | 1 | 0 | |a Nelehký život rejstříkového soudu. |c J. Zemánková, Jiří Nesnídal |
| 520 | |a Odpovede na otázky týkajúce sa činnosti významnej právnej inštitúcie a to registrového súdu. Prečo obchodná spoločnosť vzniká až po zápise do obchodného registra, čo to znamená, že obchodný register je verejnou listinou, aká je zaťaženosť registrového súdu, ktoré sú najčastejšie nedostatky žiadostí o zápis do obchodného registra, aká je prax prideľovania identifikačných čísiel, hlavné problémy, s ktorými sa registračný súd stretáva. | ||
| 610 | 2 | 0 | |a register obchodný |
| 610 | 2 | 0 | |a spoločnosti obchodné |
| 610 | 2 | 0 | |a ČSFR |
| 610 | 2 | 0 | |a súdnictvo |
| 100 | 1 | |a Zemánková, J. | |
| 700 | 1 | |a Nesnídal, Jiří | |